Vilmas bangers - Statistics

General Stats
  • This quiz has been taken 6 times
  • The average score is 7 of 62
Answer Stats
Hint Answer % Correct
stone temple riots creep
80%
pink floyd money
60%
don mcLean american pie
40%
Blue Öyster Cult (dont fear) the reaper
40%
tears for fears everybody wants to rule the world
40%
lynyrd skynyrd free bird
40%
cornelis vreeswijk somliga går med trasiga skor
40%
wheatus teenage dirtbag
40%
red hot chilli peppers under the bridge
40%
tv girl birds dont sing
20%
soundgarden black hole sun
20%
the cure boys dont cry
20%
limp bizkit break stuff
20%
fugazi im so tired
20%
ted gärdestad jag vill ha en egen måne
20%
kenta just idag är jag stark
20%
nationalteatern kolla kolla
20%
nationalteatern men bara om min älskade väntar
20%
offspring pretty fly (for a white guy)
20%
ben e. king stand by me
20%
nirvana the man who sold the world
20%
Blue öyster cult then came the last days of may
20%
kebnekajse barkbrödslåten
0%
bob hund blommor på brinnande fartyg
0%
ted gärdestad ett stilla regn
0%
love everybodys gotta live
0%
arbete och fritid gånglåt efter lejsme per larson, malung
0%
cornelis vreeswijk hajar du de då jack
0%
mazzt star halah
0%
pink floyd have a cigar
0%
pixies hey
0%
kebnekajse horgalåten
0%
radiohead how to disapear completly
0%
ted gärdesatd i dröm och fanatsi
0%
Pink Floyd Learning to fly
0%
radiohead life in a glasshouse
0%
System of a down Lonely day
0%
beck looser
0%
jeff buckley lover, you should come over
0%
mimikry maskrosen (matilda kom hem)
0%
cornelis vreeswijk mjällvisa från altea
0%
David bowie moonage daydreams
0%
Foo Fighters My hero
0%
alice in chains nutshell
0%
David Bowie Oh! You pretty things
0%
cornelis vreeswijk personliga person
0%
stone temple riots plush
0%
cornelis vreeswijk polaren per är kärlekskrank
0%
cornelis vreejswijk saskia
0%
Red Chili Peppers Scar tissue
0%
lustra scotty doesnt know
0%
offspring self esteem
0%
tears for fears shout
0%
mattias alkberg skända flaggan
0%
nationalteatern stranden
0%
bo kaspers orkester svårt att säga nej
0%
tv girl the blonde
0%
pink floyd the great gig in the sky
0%
Pink floyd Time
0%
bob hund tralala lilla molntuss, kom hit ska du få en puss
0%
pink floyd wish you where here
0%
Baccara Yes sir, i can boogie
0%
No matching quizzes found
Score Distribution
Percent of People with Each Score
Percentile by Number Answered
Your Score History
You have not taken this quiz